Koľko bude asi stáť prechod na nízkouhlíkovú energetiku

Otázky spojené s procesom nahradenia elektriny vyrobenej z fosílnych palív výrobou z obnoviteľných zdrojov alebo jadrovej energetiky. Ekonomika jednotlivých technológií. Investičné a prevádzkové náklady. Životnosť technológií. Cena produkovanej elektriny. Ekonomické parametre elektrární. Možná doba...

Descrizione completa

Salvato in:
Dettagli Bibliografici
Autore principale: Šimon, Pavel
Natura: Capitolo di libro
Lingua:slovacco
Soggetti:
Tags: Aggiungi Tag
Nessun Tag, puoi essere il primo ad aggiungerne!!

MARC

LEADER 00000naa a2200000 4500
001 0238406
005 20221104112244.5
041 0 |a slo 
044 |a CZ 
245 1 0 |a Koľko bude asi stáť prechod na nízkouhlíkovú energetiku  |c Pavel Šimon 
520 |a Otázky spojené s procesom nahradenia elektriny vyrobenej z fosílnych palív výrobou z obnoviteľných zdrojov alebo jadrovej energetiky. Ekonomika jednotlivých technológií. Investičné a prevádzkové náklady. Životnosť technológií. Cena produkovanej elektriny. Ekonomické parametre elektrární. Možná doba výstavby elektrární a akumulátorov. Realizácia prechodu na nízkouhlíkovú energetiku. Otázka financií. 
610 2 0 |a energetika 
610 2 0 |a zdroje energie obnoviteľné 
610 2 0 |a zdroje energie prírodné 
610 2 0 |a palivá fosílne 
610 2 0 |a elektrina 
610 2 0 |a elektrárne 
610 2 0 |a elektrárne atómové 
610 2 0 |a financie 
610 2 0 |a náklady 
610 2 0 |a investície 
100 1 |a Šimon, Pavel